Atlas de los animales: mamíferos
| Main Author: | |
|---|---|
| Format: | Section = Libro |
| Language: | Undetermined Spanish |
| Published: |
Argentina
CINCO
2002
|
| Subjects: |
| LEADER | 00526nam a2200205Ia 4500 | ||
|---|---|---|---|
| 008 | 240829s9999 xx 000 0 und d | ||
| 020 | |a 987-522-263-1 | ||
| 040 | |a BIBLIOTECA-RUSB/ Ref 599 V832 T. III | ||
| 041 | |a spa | ||
| 082 | |a Ref 599 V832 T. III | ||
| 100 | 1 | |a Visor E. A. S. A | |
| 245 | 1 | 0 | |a Atlas de los animales: mamíferos |
| 260 | |a Argentina |b CINCO |c 2002 | ||
| 300 | |a 78 p. :il. | ||
| 650 | 7 | |a MAMIFEROS- ATLAS | |
| 650 | 7 | |b CUERPO | |
| 650 | 7 | |c SISTEMA NERVIOSO | |
| 942 | |c BK |2 ddc | ||
| 991 | |a TEXTO | ||
| 999 | |c 6078 | ||